01617nab a2200445 i 450000100060000000300080000600500170001400600190003100700150005000800410006502200140010603500210012004000310014105000200017208000110019208200150020310000240021824500590024226400310030130000390033231000140037133600310038533700330041633800430044936200330049258801230052559001640064865000260081265000120083865000270085065100440087765100440092165100210096565100190098665500320100577300360103779700190107385600620109299900170115455702FlNmELB20241216232801.0m o d | cr cnu||||||||140701c20139999sp er p o 0 b0eng d a2013-4428 a(OCoLC)949112314 aFINmELBbspaerdacFINmELB 4aK930bP154 2013 a3416750 a3271742231 aPalat, Ravi Arvind.12aA fog of myths about North Korea /cRavi Arvind Palat. 1aBarcelona :bCIDOB,c2013. a1 recurso en línea (4 páginas) aQuincenal atextobtxt2rdacontent/spa acomputadorabc2rdamedia/spa arecurso en líneabcr2rdacarrier/spa0 anúmero 72 (april) (2013) - aDescripción basada en recurso en línea; Título de la página del título en PDF (e-libro, visto July 1, 2014). aRecurso electrónico. Santa Fe, Arg.: e-libro, 2015. Disponible vía World Wide Web. El acceso puede estar limitado para las bibliotecas afiliadas a e-libro. 0aNuclear arms control. 4aCrimen. 4aRelaciones exteriores. 0aKorea (North)xRelationszKorea (South) 0aKorea (South)xRelationszKorea (North) 4aCorea del Norte. 4aCorea del Sur. 4aArtículos electrónicos.0 tNotes Internationalsx2013-44282 ae-libro, Corp.40uhttps://elibro.net/ereader/politecnicointernacional/32832 c55702d55702